000 00630nam a22002177a 4500
005 20170124105933.0
010 _aA-792677
020 _c80.00
035 _aA-792677
037 _bCen Lib/Ret
040 _aDPL
_bEN
082 _a301.153
_bBAL
100 _aBalan, K.
_98882
245 _aGandhi- an immortal institutions /
_cby K. Balan
260 _aNew Delhi
_bClassical publishing company
_c1991
270 _bNew Delhi
_a28, Shopping cebtre karampura
_e110015
300 _a62p.
_c20cm(Hb)
650 _aPolitics
_96612
650 _aPolitician leader
_zIndia
_98883
942 _2ddc
_cEN
_h301.153
_mBAL
999 _c124007
_d124007